Villes de France en images par lettre - D - Statistiques

Statistiques générales
  • Ce quiz a été pris 161 fois
  • Le résultat moyen est 5 sur 12
Statistiques - réponses
Par images Hint Réponse % Correct
Bourgogne-Franche-Comté Dijon
85%
Hauts-de-France Dunkerque
67%
Normandie Deauville
65%
Hauts-de-France Douai
45%
PACA Draguignan
43%
Normandie Dieppe
39%
PACA Digne-les-Bains
39%
Bourgogne-Franche-Comté Dole
39%
Nouvelle-Aquitaine Dax
38%
Île-de-France Drancy
38%
Centre-Val de Loire Dreux
37%
DROM Dzaoudzi
9%
Aucun quiz correspondant
Distribution des résultats
% des personnes avec chaque résultat
Percentile par nombre de réponses
Votre historique - résultats
Vous n’avez pas pris ce quiz